Gaming Quiz

Random Gaming or Nintendo Quiz

Name the 16-bit Sonic the Hedgehog Zones Quiz Stats

 Plays Quiz not verified by Sporcle

Also try: Pac-Man Ghosts
Challenge
Share
Tweet
Embed
Score 0/39 Timer 06:00
0 Plays Today
Game Zone % Correct
Sonic the HedgehogGreen Hill Zone
91.7%
Sonic the HedgehogMarble Zone
87.3%
Sonic 2Emerald Hill Zone
80.5%
Sonic the HedgehogFinal Zone
77.1%
Sonic 2Casino Night Zone
75.1%
Sonic 2Death Egg Zone
74.6%
Sonic 3 & KnucklesDeath Egg Zone
74.6%
Sonic 2Chemical Plant Zone
74.1%
Sonic the HedgehogScrap Brain Zone
72.2%
Sonic 3 & KnucklesAngel Island Zone
71.2%
Sonic the HedgehogStar Light Zone
68.8%
Sonic the HedgehogLabyrinth Zone
68.3%
Sonic 3 & KnucklesMushroom Hill Zone
68.3%
Sonic the HedgehogSpring Yard Zone
67.3%
Sonic 2Hill Top Zone
66.3%
Sonic 2Aquatic Ruin Zone
64.9%
Sonic 2Oil Ocean Zone
64.4%
Sonic 2Metropolis Zone
64.4%
Sonic 2Mystic Cave Zone
62.4%
Sonic 3 & KnucklesHydrocity Zone
61.5%
Game Zone % Correct
Sonic 3 & KnucklesFlying Battery Zone
61%
Sonic 2Sky Chase Zone
59%
Sonic 3 & KnucklesMarble Garden Zone
59%
Sonic 3 & KnucklesIce Cap Zone
59%
Sonic 3 & KnucklesCarnival Night Zone
57.1%
Sonic 3 & KnucklesSandopolis Zone
56.6%
Sonic 3 & KnucklesLava Reef Zone
56.6%
Sonic 2Wing Fortress Zone
56.1%
Sonic 3 & KnucklesHidden Palace Zone
55.6%
Sonic 3 & KnucklesSky Sanctuary Zone
54.6%
Sonic 3 & KnucklesThe Doomsday Zone
54.1%
Sonic 3 & KnucklesLaunch Base Zone
53.7%
Sonic CDPalmtree Panic Zone
48.8%
Sonic CDStardust Speedway Zone
38.5%
Sonic CDWacky Workbench Zone
37.1%
Sonic CDCollision Chaos Zone
33.2%
Sonic CDTidal Tempest Zone
31.7%
Sonic CDQuartz Quadrant Zone
31.7%
Sonic CDMetallic Madness Zone
31.2%

You're not logged in!

Compare scores with friends on all Sporcle quizzes.
Join for Free
OR
Log In

You Might Also Like...

Show Comments

Extras

Top Quizzes Today


Score Distribution

Your Account Isn't Verified!

In order to create a playlist on Sporcle, you need to verify the email address you used during registration. Go to your Sporcle Settings to finish the process.

Report this User

Report this user for behavior that violates our Community Guidelines.

Details: